Univerzitné pastoračné centrum, Bratislava
Enregistré dans:
| Auteur principal: | |
|---|---|
| Autres auteurs: | |
| Format: | Manuscrit Livre |
| Langue: | slovaque |
| Publié: |
2025
|
| Sujets: | |
| Accès en ligne: | http://is.stuba.sk/zp/portal_zp.pl?podrobnosti=168451 |
| Tags: |
Pas de tags, Soyez le premier à ajouter un tag!
|
MARC
| LEADER | 00000ntm a22000003a 4500 | ||
|---|---|---|---|
| 001 | stuzp105154 | ||
| 003 | SK-STU | ||
| 005 | 20250614213635.8 | ||
| 007 | ta | ||
| 008 | 150427s2015----xo-----f-mn---000-0-slo-d | ||
| 040 | |a STU |b slo | ||
| 041 | 0 | |a slo | |
| 100 | 1 | |a Grollová, Saskia |u 051110 |4 aut |U FAD Fakulta architektúry a dizajnu |T FAD Ústav architektúry obytných budov |X 115768 |U A1110 |Y 392 |7 115768 | |
| 242 | 0 | 1 | |a University pastoral center, Bratislava |y eng |
| 245 | 1 | 0 | |a Univerzitné pastoračné centrum, Bratislava |
| 260 | |c 2025 | ||
| 650 | 4 | |a public space |2 eng | |
| 650 | 4 | |a ecumenism |2 eng | |
| 650 | 4 | |a university campus Mlynská dolina |2 eng | |
| 650 | 4 | |a pastoral centre |2 eng | |
| 650 | 4 | |a student community |2 eng | |
| 650 | 4 | |a študentská komunita |2 slo | |
| 650 | 4 | |a verejný priestor |2 slo | |
| 650 | 4 | |a ekumenizmus |2 slo | |
| 650 | 4 | |a univerzitný areál Mlynská dolina |2 slo | |
| 650 | 4 | |a pastoračné centrum |2 slo | |
| 700 | 1 | |a Závodný, Ľubomír |u 051110 |k Z1 |4 ths |U FAD Fakulta architektúry a dizajnu |T FAD Ústav architektúry obytných budov |X 45410 |U A1110 |Y 392 |7 45410 | |
| 856 | 4 | |u http://is.stuba.sk/zp/portal_zp.pl?podrobnosti=168451 | |